000 00860nmm a2200277 a 4500
001 ocm000582418
003 TR-IsHL
005 20201028120508.0
008 130625s2010 tu tur
007 cr cn
020 _a9786054447053
035 _a582418
_b(N$T)
050 0 4 _aPL248.K39
_bS49 2010
090 0 4 _aPL248.K39
_bS49 2010
100 1 _aKaya, V. Hüseyin
245 1 0 _aSeyr-i âdem
_h[electronic resource] /
_cV. Hüseyin Kaya
250 _a1.bs.
260 _aİstanbul :
_bFerfir Yayınları,
_c2010
300 _a136 p.
650 4 _aDil ve Edebiyat
650 4 _aLanguage and Literature
650 0 _aKısa hikayeler, Türk
650 0 _aShort stories, Turkish
650 7 _aFICTION / Short Stories (single author)
_2bisacsh
856 4 0 _uhttp://search.ebscohost.com/login.aspx?direct=true&scope=site&db=e011xww&AN=582418
999 _c817
_d817